[Event "Titled Tue 24th Jun Early"]
[Site "chess.com INT"]
[Date "2025.06.24"]
[Round "8"]
[White "Huseynova, Lala"]
[Black "Begunov, Konstantin"]
[Result "1-0"]
[WhiteTitle "WFM"]
[BlackTitle "FM"]
[WhiteElo "2045"]
[BlackElo "2325"]
[WhiteFideId "13431781"]
[BlackFideId "4118510"]
[EventDate "2025.06.24"]

1. e4 g6 2. Nf3 Bg7 3. d4 c6 4. c4 d5 5. cxd5 cxd5 6. exd5 Nf6 7. Nc3 Nxd5 8.
Be2 O-O 9. O-O Nc6 10. Nxd5 Qxd5 11. Be3 Bf5 12. b3 Rfd8 13. Bc4 Qd7 14. Ng5 Rf8
15. d5 Na5 16. Bd4 Bxd4 17. Qxd4 a6 18. f3 b5 19. Be2 h6 20. Ne4 Rfd8 21. g4 Nc6
22. Qc3 Bxe4 23. fxe4 Na7 24. Qf3 f6 25. Rad1 Nc8 26. e5 Rf8 27. Qe4 Kg7 28. d6
exd6 29. Qxa8 d5 30. exf6+ Rxf6 31. Rxf6 Kxf6 32. Qxa6+ Kg5 33. Qxb5 Qe6 34. Qd3
Nd6 35. Qd2+ Kh4 36. Bf3 Ne4 37. Qe1+ Kg5 38. Qe3+ Kh4 39. Bxe4 dxe4 40. Qg3+
Kg5 41. h4+ Kf6 42. Rd6 e3 43. Rxe6+ 1-0

[Event "Titled Tue 24th Jun Early"]
[Site "chess.com INT"]
[Date "2025.06.24"]
[Round "8"]
[White "Krzywda, Andrzej"]
[Black "Dragnev, Valentin"]
[Result "0-1"]
[WhiteTitle "CM"]
[BlackTitle "GM"]
[WhiteElo "2175"]
[BlackElo "2547"]
[WhiteFideId "1114565"]
[BlackFideId "1634852"]
[EventDate "2025.06.24"]

1. e4 e5 2. Nf3 d6 3. d4 exd4 4. Qxd4 Nf6 5. Nc3 Nc6 6. Bb5 Bd7 7. Bxc6 bxc6 8.
Bf4 c5 9. Qd2 Bc6 10. O-O Be7 11. Rfe1 O-O 12. e5 Nh5 13. exd6 cxd6 14. Ne4 d5
15. Ng3 Nxf4 16. Qxf4 Bf6 17. Nf5 Rb8 18. b3 Rb4 19. c4 dxc4 20. Rad1 cxb3 21.
Qg3 Qb8 22. Rd6 b2 23. Rb1 Be4 24. Rxf6 Qxg3 25. Ne7+ Kh8 26. hxg3 gxf6 0-1

[Event "Titled Tue 24th Jun Early"]
[Site "chess.com INT"]
[Date "2025.06.24"]
[Round "8"]
[White "Dreelinck, Jacob"]
[Black "Asish Panda"]
[Result "0-1"]
[WhiteTitle "FM"]
[WhiteElo "2266"]
[BlackElo "1911"]
[WhiteFideId "250511"]
[BlackFideId "45012458"]
[EventDate "2025.06.24"]

1. c4 e6 2. Nc3 d5 3. d4 Nf6 4. cxd5 exd5 5. Bg5 c6 6. Qc2 Bd6 7. e3 O-O 8. Bd3
h6 9. Bh4 a5 10. Nge2 Na6 11. a3 Re8 12. Bg3 Nc7 13. O-O Ne6 14. Bxd6 Qxd6 15.
Ng3 Ng5 16. f4 Ne6 17. Rae1 Bd7 18. Na4 b5 19. Nb6 Rab8 20. Nxd7 Qxd7 21. b4
axb4 22. axb4 Ra8 23. Rc1 Nd8 24. Qd2 Ra3 25. Rfe1 Qa7 26. Bb1 g6 27. h3 h5 28.
Kh2 h4 29. Nf1 Qc7 30. g3 Kg7 31. gxh4 Rh8 32. Qf2 Qe7 33. Ng3 Nh5 34. Nxh5+
Rxh5 35. Qg3 Rxh4 36. f5 g5 37. Rc2 f6 38. Rg2 Kh6 39. Kg1 Nf7 40. Qf3 Qxb4 41.
Rg4 Qxe1+ 42. Kg2 Rxg4+ 0-1

[Event "Titled Tue 24th Jun Early"]
[Site "chess.com INT"]
[Date "2025.06.24"]
[Round "8"]
[White "La Fleur, Zara"]
[Black "Miserendino, Alfredo"]
[Result "0-1"]
[WhiteTitle "WCM"]
[WhiteElo "1745"]
[BlackElo "2032"]
[WhiteFideId "7703848"]
[BlackFideId "101800"]
[EventDate "2025.06.24"]

1. e4 c5 2. Nf3 e6 3. d4 cxd4 4. Nxd4 Bc5 5. Nc3 Qb6 6. Na4 Qa5+ 7. c3 Bxd4 8.
Qxd4 Nf6 9. Be2 e5 10. Qc4 O-O 11. Nc5 Qd8 12. O-O d5 13. exd5 Qxd5 14. Qxd5
Nxd5 15. Bf3 Nf6 16. Nxb7 e4 17. Bxe4 Nxe4 18. Na5 Be6 19. Be3 Nd7 20. a3 Nb6
21. f3 Nf6 22. Rad1 Rfe8 23. Bg5 h6 24. Bh4 Nc4 25. Nxc4 Bxc4 26. Rf2 Rad8 27.
Rfd2 Rxd2 28. Rxd2 g5 29. Bg3 Nh5 30. Bf2 Nf4 31. Bd4 Re2 32. Rxe2 Nxe2+ 33. Kf2
Nxd4 34. cxd4 f5 35. Ke3 Kf7 0-1

[Event "Titled Tue 24th Jun Early"]
[Site "chess.com INT"]
[Date "2025.06.24"]
[Round "8"]
[White "Shevchenko, Yaroslav"]
[Black "Herman, Daniel"]
[Result "1-0"]
[WhiteElo "2179"]
[BlackElo "1920"]
[WhiteFideId "34144684"]
[BlackFideId "30935008"]
[EventDate "2025.06.24"]

1. e4 e5 2. Nf3 Nc6 3. Bc4 Nf6 4. d3 Bc5 5. c3 O-O 6. O-O d5 7. exd5 Nxd5 8. Re1
Re8 9. b4 Bb6 10. Qb3 Be6 11. a4 a6 12. Nbd2 Nf4 13. Bxe6 Rxe6 14. Ne4 Qxd3 15.
Bxf4 exf4 16. Rad1 Qxe4 17. Rxe4 Rxe4 18. a5 Ba7 19. Ng5 Re7 20. h4 Ne5 21. Qd5
g6 22. Ne4 Kg7 23. c4 Rae8 24. c5 Ng4 25. Qd4+ f6 26. f3 Ne5 27. Kh2 Rd7 28. Qa1
Red8 29. Rxd7+ Rxd7 30. Qc1 Nd3 31. Qc4 Ne5 32. Qe6 c6 33. Qxf6+ Kg8 34. Qxe5 1-0

[Event "Titled Tue 24th Jun Early"]
[Site "chess.com INT"]
[Date "2025.06.24"]
[Round "8"]
[White "Makarian, Rudik"]
[Black "Goryachkina, Aleksandra"]
[Result "1-0"]
[WhiteTitle "IM"]
[BlackTitle "GM"]
[WhiteElo "2524"]
[BlackElo "2533"]
[WhiteFideId "44105681"]
[BlackFideId "4147103"]
[EventDate "2025.06.24"]

1. b3 d5 2. Bb2 c5 3. e3 a6 4. Nf3 Nc6 5. d4 Nf6 6. dxc5 e6 7. Nbd2 Bxc5 8. a3
O-O 9. b4 Ba7 10. Be2 b5 11. O-O Bb7 12. a4 bxa4 13. Rxa4 Re8 14. c4 d4 15. exd4
Nxd4 16. Nxd4 Bxd4 17. Bxd4 Qxd4 18. Nb3 Qh4 19. Nc5 Rad8 20. Qb3 Ba8 21. Rxa6
Rd2 22. Qe3 Rb2 23. h3 Rxb4 24. Rfa1 Rbb8 25. Qa3 Be4 26. Qe3 Bg6 27. Bf3 h6 28.
Nb7 1-0

[Event "Titled Tue 24th Jun Early"]
[Site "chess.com INT"]
[Date "2025.06.24"]
[Round "8"]
[White "Abdsattar, Alisher"]
[Black "Nitish, Belurkar"]
[Result "0-1"]
[WhiteTitle "CM"]
[BlackTitle "IM"]
[WhiteElo "2030"]
[BlackElo "2454"]
[WhiteFideId "13749358"]
[BlackFideId "5084768"]
[EventDate "2025.06.24"]

1. e4 c5 2. Nf3 g6 3. d4 cxd4 4. Nxd4 Nf6 5. Nc3 Nc6 6. Be3 Bg7 7. f3 O-O 8. Qd2
d5 9. exd5 Nxd5 10. Nxc6 bxc6 11. Bd4 e5 12. Bc5 Re8 13. Ne4 Be6 14. O-O-O Qc7
15. h4 Rad8 16. h5 Bf5 17. Nd6 Rxd6 18. Bxd6 Qxd6 19. c4 Qc5 20. Bd3 Bxd3 21.
Qxd3 Nf4 22. Qc2 Ne6 23. hxg6 hxg6 24. g4 Nd4 25. Qd3 Bf6 26. Kb1 Rb8 27. Rh2 a5
28. Rg2 a4 29. g5 Bg7 30. Re1 a3 31. b3 Ne6 32. Rd2 Nxg5 33. f4 exf4 34. Qd7 Ne6
35. Rg2 Qf5+ 36. Kc1 Bb2+ 37. Rxb2 axb2+ 38. Kxb2 Rd8 0-1

[Event "Titled Tue 24th Jun Early"]
[Site "chess.com INT"]
[Date "2025.06.24"]
[Round "8"]
[White "Demchenko, Anton"]
[Black "Iskusnyh, Sergei"]
[Result "0-1"]
[WhiteTitle "GM"]
[BlackTitle "GM"]
[WhiteElo "2619"]
[BlackElo "2440"]
[WhiteFideId "4160258"]
[BlackFideId "4120027"]
[EventDate "2025.06.24"]

1. e4 e6 2. d4 d5 3. e5 c5 4. c3 Nc6 5. Nf3 Nge7 6. Na3 Bd7 7. Nc2 Qa5 8. Bd3
Nxd4 9. Ncxd4 cxd4 10. Nxd4 Nc6 11. Nf3 d4 12. O-O dxc3 13. Re1 Bb4 14. Re4 Rd8
15. a3 cxb2 16. Bxb2 Be7 17. Rg4 g6 18. Qe2 O-O 19. h4 h5 20. Rg3 Be8 21. Be4
Qa4 22. Re1 a6 23. Qe3 Kg7 24. Ng5 Rd1 25. Bc1 Rxe1+ 26. Qxe1 Nd4 27. Kh2 Nf5
28. Bxf5 exf5 0-1

[Event "Titled Tue 24th Jun Early"]
[Site "chess.com INT"]
[Date "2025.06.24"]
[Round "8"]
[White "Tang, Andrew"]
[Black "Roebers, Eline"]
[Result "1-0"]
[WhiteTitle "GM"]
[BlackTitle "IM"]
[WhiteElo "2529"]
[BlackElo "2356"]
[WhiteFideId "2059630"]
[BlackFideId "1058401"]
[EventDate "2025.06.24"]

1. d4 f5 2. Nf3 Nf6 3. g3 g6 4. Bg2 Bg7 5. O-O O-O 6. b3 Ne4 7. Bb2 Nc6 8. Nbd2
d6 9. Nxe4 fxe4 10. Ng5 d5 11. e3 e5 12. Nh3 Bf5 13. f3 exf3 14. Rxf3 Qd7 15.
Nf2 e4 16. Rf4 g5 17. Rxf5 Qxf5 18. Qe2 Nd8 19. Bh3 Qf3 20. Qd2 h5 21. Rf1 c6
22. Ng4 hxg4 23. Rxf3 gxf3 24. Kf2 Rf6 25. Bg4 Nf7 26. Qb4 b6 27. Qe7 Nh6 28.
Be6+ Kh8 29. h3 Raf8 30. Qd7 Nf7 31. Ba3 Rc8 32. Qxc8+ 1-0

[Event "Titled Tue 24th Jun Early"]
[Site "chess.com INT"]
[Date "2025.06.24"]
[Round "8"]
[White "Martinez, Shawn"]
[Black "Ejsymont, Blanka"]
[Result "0-1"]
[BlackTitle "WCM"]
[WhiteElo "1921"]
[BlackElo "1984"]
[WhiteFideId "2039770"]
[BlackFideId "21088268"]
[EventDate "2025.06.24"]

1. e4 c5 2. Nc3 d6 3. Bb5+ Nc6 4. Bxc6+ bxc6 5. f4 d5 6. d3 d4 7. Nb1 Nf6 8. Nf3
e6 9. Ne5 Qc7 10. O-O Bd6 11. Nc4 e5 12. Nxd6+ Qxd6 13. Na3 Ba6 14. Qf3 O-O 15.
b3 Rfe8 16. g4 exf4 17. Bxf4 Qe6 18. h3 Nd7 19. Rf2 f6 20. Raf1 Ne5 21. Qg3 Rad8
22. g5 Nd7 23. gxf6 Nxf6 24. Bc7 Nh5 25. Qg5 Rd7 26. Bh2 g6 27. e5 Ng7 28. Rf6
Qd5 29. Qh6 Nf5 30. R1xf5 gxf5 31. e6 Rg7+ 32. Kf1 Qg2+ 33. Ke1 Qh1+ 34. Kd2
Rg2# 0-1

[Event "Titled Tue 24th Jun Early"]
[Site "chess.com INT"]
[Date "2025.06.24"]
[Round "8"]
[White "Grandelius, Nils"]
[Black "Donchenko, Alexander"]
[Result "1-0"]
[WhiteTitle "GM"]
[BlackTitle "GM"]
[WhiteElo "2643"]
[BlackElo "2613"]
[WhiteFideId "1710400"]
[BlackFideId "24603295"]
[EventDate "2025.06.24"]

1. d4 Nf6 2. c4 g6 3. g3 Bg7 4. Bg2 O-O 5. Nc3 d6 6. Nf3 Nc6 7. O-O e5 8. dxe5
Nxe5 9. b3 Nxf3+ 10. exf3 h5 11. Bg5 Qd7 12. Rc1 c6 13. h4 Qc7 14. Bf4 Ne8 15.
Qd2 Qa5 16. Rfd1 Bf5 17. Bh6 Rd8 18. Bxg7 Nxg7 19. Qh6 Rfe8 20. Bf1 Qe5 21. Rd2
Ne6 22. Qe3 a5 23. Rcd1 Qc5 24. Rxd6 Rxd6 25. Qxc5 Nxc5 26. Rxd6 Re1 27. Rd1
Rxd1 28. Nxd1 Kf8 29. Nc3 Ke7 30. Be2 Kd6 31. Kf1 Ke5 32. Ke1 Kd4 33. Kd2 Na6
34. g4 Bc8 35. gxh5 gxh5 36. f4 f6 37. Bxh5 Nc5 38. Bg6 f5 39. h5 1-0

[Event "Titled Tue 24th Jun Early"]
[Site "chess.com INT"]
[Date "2025.06.24"]
[Round "8"]
[White "Terletsky, Oleg"]
[Black "Toktomushev, Teimur"]
[Result "0-1"]
[WhiteTitle "IM"]
[BlackTitle "FM"]
[WhiteElo "2160"]
[BlackElo "2390"]
[WhiteFideId "14116774"]
[BlackFideId "14176726"]
[EventDate "2025.06.24"]

1. e4 c5 2. Nf3 e6 3. d4 cxd4 4. Nxd4 a6 5. Nc3 b5 6. Bd3 Bb7 7. O-O Nc6 8. Nxc6
Bxc6 9. Qe2 Bc5 10. e5 Ne7 11. Ne4 Bxe4 12. Bxe4 Rc8 13. a4 Qb6 14. axb5 axb5
15. c3 b4 16. Ra6 Qc7 17. Bf4 bxc3 18. bxc3 O-O 19. Bg3 Rb8 20. Rd1 Rb3 21.
Bxh7+ Kxh7 22. Qc2+ Nf5 23. Qxb3 Nxg3 24. hxg3 Qxe5 25. Qc2+ g6 26. Ra4 Qxg3 27.
Rxd7 Kg7 28. Rd3 Qe5 29. Qd2 Rh8 30. g3 Qc7 31. Rf4 Qb7 32. Rff3 e5 33. Rd5 e4
34. Rxf7+ Kxf7 35. Rxc5 Qb1+ 0-1

[Event "Titled Tue 24th Jun Early"]
[Site "chess.com INT"]
[Date "2025.06.24"]
[Round "8"]
[White "Dann, Matthias"]
[Black "Chigaev, Maksim"]
[Result "1/2-1/2"]
[WhiteTitle "IM"]
[BlackTitle "GM"]
[WhiteElo "2446"]
[BlackElo "2635"]
[WhiteFideId "24638056"]
[BlackFideId "4108116"]
[EventDate "2025.06.24"]

1. e4 c5 2. Nf3 g6 3. d4 cxd4 4. Nxd4 Nc6 5. Nc3 Bg7 6. Be3 Nf6 7. Bc4 O-O 8.
Bb3 Re8 9. Nxc6 dxc6 10. h3 Qxd1+ 11. Rxd1 Nd7 12. a4 b6 13. f4 Bxc3+ 14. bxc3
Nf6 15. e5 Nd5 16. Bd2 Bb7 17. c4 Nc7 18. c5 b5 19. Kf2 a6 20. g4 Bc8 21. Ba5
Ne6 22. Bxe6 Bxe6 23. Bb6 Bd5 24. Rhe1 f6 25. Ra1 Kf7 26. Re3 h5 27. Rea3 b4 28.
Re3 a5 29. Rae1 hxg4 30. hxg4 fxe5 31. Rxe5 e6 32. f5 gxf5 33. gxf5 exf5 34.
Rxe8 Rxe8 35. Rxe8 Kxe8 36. Bxa5 b3 37. cxb3 Bxb3 38. Bc7 Bxa4 39. Be5 Kf7 40.
Bd6 Ke6 41. Bf8 Ke5 42. Bd6+ Ke4 43. Bf8 f4 44. Bd6 f3 45. Bf8 Bb5 46. Bd6 Be2
47. Bf8 Bb5 48. Bd6 Be2 49. Bf8 Bb5 1/2-1/2

[Event "Titled Tue 24th Jun Early"]
[Site "chess.com INT"]
[Date "2025.06.24"]
[Round "8"]
[White "Donoso Aguirre, Maximiliano"]
[Black "Aakash, G"]
[Result "0-1"]
[WhiteTitle "CM"]
[BlackTitle "FM"]
[WhiteElo "2050"]
[BlackElo "2123"]
[WhiteFideId "3458920"]
[BlackFideId "25644394"]
[EventDate "2025.06.24"]

1. e4 e6 2. d4 d5 3. Nc3 Nf6 4. e5 Nfd7 5. f4 c5 6. Nf3 Nc6 7. Be3 a6 8. Qd2 b5
9. Be2 Bb7 10. Nd1 g6 11. O-O Rc8 12. c3 h5 13. Nf2 Ne7 14. a4 c4 15. axb5 axb5
16. Ra7 Qb6 17. Rfa1 Nf5 18. Bd1 Nb8 19. R7a5 Nc6 20. R5a2 b4 21. Ba4 b3 22.
Bxc6+ Qxc6 23. Ra5 Be7 24. h3 O-O 25. g4 hxg4 26. hxg4 Nxe3 27. Qxe3 f6 28. exf6
Bxf6 29. Nh3 Qd6 30. Re1 Rce8 31. Nhg5 Bc8 32. Nh3 Bd8 33. Ra7 Bb6 34. Ra3 e5
35. Nxe5 Bxg4 36. Nf2 Bf5 37. Ra6 Rf6 38. Qf3 Qd8 39. Rea1 Bc8 40. Ra8 Ref8 41.
Qg3 Qd6 42. Nh3 Kg7 43. Ng5 Rxf4 44. Qh2 Qxe5 45. Qh7+ Kf6 0-1

[Event "Titled Tue 24th Jun Early"]
[Site "chess.com INT"]
[Date "2025.06.24"]
[Round "8"]
[White "Sovetbekova, Nurai"]
[Black "Goncharov, Vladimir"]
[Result "1-0"]
[WhiteTitle "WFM"]
[WhiteElo "2007"]
[BlackElo "2077"]
[WhiteFideId "13801910"]
[BlackFideId "34162256"]
[EventDate "2025.06.24"]

1. d4 Nf6 2. Bf4 e6 3. Nf3 b6 4. e3 Bb7 5. c3 Be7 6. Nbd2 Nh5 7. Be5 d6 8. Bg3
Nxg3 9. hxg3 Nd7 10. Bd3 g6 11. e4 c5 12. Qe2 a6 13. Rd1 O-O 14. Qe3 Re8 15.
dxc5 bxc5 16. Qh6 Nf8 17. e5 d5 18. O-O Qb6 19. b3 a5 20. Bb1 Ba6 21. Rfe1 a4
22. Ng5 axb3 23. axb3 Bxg5 24. Qxg5 Qd8 25. Qh6 Qe7 26. Nf3 Reb8 27. Ng5 Bb5 28.
Re3 Rb7 29. c4 dxc4 30. Ne4 f5 31. exf6 Qc7 32. Rf3 Qf7 33. Ng5 Qc7 34. f7+ Kh8
35. Nxh7 Nxh7 36. Bxg6 Qxf7 37. Rxf7 Rxf7 38. Bxf7 c3 39. Bg6 1-0

[Event "Titled Tue 24th Jun Early"]
[Site "chess.com INT"]
[Date "2025.06.24"]
[Round "8"]
[White "Asensio Ramos, Enrique Fernando"]
[Black "Lohia, Sohum"]
[Result "0-1"]
[WhiteTitle "CM"]
[BlackTitle "FM"]
[WhiteElo "2200"]
[BlackElo "2364"]
[WhiteFideId "2214172"]
[BlackFideId "5819369"]
[EventDate "2025.06.24"]

1. d4 Nf6 2. Nc3 d5 3. Bf4 e6 4. Nb5 Na6 5. e3 Be7 6. h4 c6 7. Nc3 c5 8. Nb5 Qb6
9. a4 c4 10. c3 Bd7 11. b3 cxb3 12. Qxb3 O-O 13. Nf3 Rac8 14. Ne5 Bxb5 15. axb5
Nc7 16. Rb1 Nce8 17. Bd3 Nd6 18. f3 Rfd8 19. O-O Nd7 20. h5 Nxe5 21. Bxe5 Nc4
22. Bxc4 Rxc4 23. h6 f6 24. Bg3 g6 25. e4 Rdc8 26. exd5 Rxc3 27. Qa2 Qxd4+ 28.
Bf2 Qxd5 29. Qxd5 exd5 30. Rfd1 Rd8 31. Bxa7 Kf7 32. Bd4 Rc4 33. Kf2 Rxd4 34.
Rxd4 Bc5 35. Ke3 Bxd4+ 36. Kxd4 Ke6 37. Rc1 Kd6 38. b6 Rd7 39. Rc8 Ke6 40. Rg8
Rd6 41. Rg7 Rxb6 42. Rxh7 Rb2 43. g4 b5 44. f4 Rb4+ 45. Ke3 Rb3+ 46. Ke2 Rh3 47.
Kf2 d4 48. Kg2 Rh4 49. Kg3 Rh1 50. g5 fxg5 51. fxg5 d3 52. Rh8 d2 53. Re8+ Kf5
54. Rd8 d1=Q 55. Rxd1 Rxd1 0-1

[Event "Titled Tue 24th Jun Early"]
[Site "chess.com INT"]
[Date "2025.06.24"]
[Round "8"]
[White "Ter-Sahakyan, Samvel"]
[Black "Erigaisi, Arjun"]
[Result "1-0"]
[WhiteTitle "GM"]
[BlackTitle "GM"]
[WhiteElo "2611"]
[BlackElo "2782"]
[WhiteFideId "13302531"]
[BlackFideId "35009192"]
[EventDate "2025.06.24"]

1. e4 b6 2. d4 Bb7 3. Nc3 e6 4. Nf3 Nf6 5. e5 Ne4 6. Nxe4 Bxe4 7. Bd3 Bxd3 8.
Qxd3 d5 9. O-O c5 10. Bg5 c4 11. Qe2 Qd7 12. b3 Qc6 13. Be3 Nd7 14. Ng5 h6 15.
Nh3 Rc8 16. Nf4 b5 17. g3 a5 18. h4 b4 19. Qh5 g6 20. Qg4 h5 21. Qf3 a4 22. Nh3
Be7 23. Bg5 a3 24. Bxe7 Kxe7 25. Ng5 Rhf8 26. Qf4 f5 27. exf6+ Rxf6 28. Qd2 Qd6
29. Rae1 cxb3 30. cxb3 Rc3 31. Re3 Rxe3 32. Qxe3 Nb8 33. Re1 Nc6 34. Qd3 Kd7 35.
Qa6 Qc7 36. Rc1 e5 37. Qb5 exd4 38. Qxd5+ Qd6 39. Ne4 Qxd5 40. Nxf6+ Kd6 41.
Nxd5 Kxd5 42. Kf1 d3 43. Rc4 Nd4 44. Ke1 Ne2 45. Kd2 Nc3 46. Rxb4 Nxa2 47. Ra4 1-0

[Event "Titled Tue 24th Jun Early"]
[Site "chess.com INT"]
[Date "2025.06.24"]
[Round "8"]
[White "Alvarez Leon, Luis"]
[Black "Liashkevich, Lizaveta"]
[Result "0-1"]
[WhiteTitle "FM"]
[BlackTitle "WFM"]
[WhiteElo "2178"]
[BlackElo "2204"]
[WhiteFideId "3600351"]
[BlackFideId "13518658"]
[EventDate "2025.06.24"]

1. Nf3 d5 2. d4 e6 3. c4 Nf6 4. Nc3 Be7 5. Bf4 O-O 6. e3 Nbd7 7. cxd5 exd5 8.
Bd3 c6 9. h3 Re8 10. O-O Nf8 11. Ne5 Ng6 12. Bh2 Bd6 13. f4 c5 14. Rc1 a6 15.
Kh1 cxd4 16. exd4 b5 17. a3 Bb7 18. Re1 Qb6 19. Bb1 Rac8 20. f5 Nf8 21. Ng4 N8d7
22. Ne5 a5 23. Qf3 Nf8 24. g4 Qxd4 25. Rcd1 Qb6 26. g5 N6d7 27. g6 hxg6 28. Nxf7
Kxf7 29. fxg6+ Kg8 30. Qf7+ Kh8 31. Bxd6 Qxd6 32. Rd4 Rxe1+ 33. Kg2 Qxg6+ 34.
Qxg6 Nxg6 35. Bxg6 Re6 36. Bf5 Re7 37. Nxb5 Rc4 38. Rd2 Ne5 39. Nd6 Rcc7 40. Rd4
Bc6 41. Rh4+ Kg8 42. Bb1 g6 43. Ba2 Re6 44. Nb5 Bxb5 45. Bxd5 Bc6 46. Bxc6 Rcxc6
47. Rd4 Rcd6 48. Ra4 Rd2+ 49. Kg3 Rxb2 50. Rxa5 Rd6 51. Rxe5 Rd4 52. Re6 Rb3+
53. Kf2 Rd2+ 54. Ke1 Ra2 55. Rxg6+ Kh7 56. Rd6 Rb1+ 57. Rd1 Rxd1+ 0-1

[Event "Titled Tue 24th Jun Early"]
[Site "chess.com INT"]
[Date "2025.06.24"]
[Round "8"]
[White "Gaal, Zsoka"]
[Black "Mohamed, Anees M"]
[Result "0-1"]
[WhiteTitle "WGM"]
[BlackTitle "FM"]
[WhiteElo "2391"]
[BlackElo "2431"]
[WhiteFideId "777765"]
[BlackFideId "35065815"]
[EventDate "2025.06.24"]

1. Nf3 f5 2. g3 Nf6 3. Bg2 g6 4. O-O Bg7 5. d4 O-O 6. Nbd2 d6 7. Re1 Nc6 8. e4
f4 9. c3 fxg3 10. Qb3+ Kh8 11. hxg3 e5 12. dxe5 Nxe5 13. Nxe5 dxe5 14. Nc4 Be6
15. Qa4 Nd7 16. Be3 Qe7 17. Nd2 Nf6 18. Qb4 Qf7 19. Qxb7 Ng4 20. Bc5 Rab8 21.
Qxa7 Rfd8 22. Nb3 Ra8 23. Qb7 Bf8 24. Be3 Nxe3 25. fxe3 Rab8 26. Qa6 Rb6 27. Qe2
Bc4 28. Qf2 Qe7 29. Bf1 Be6 30. Rad1 Ra8 31. Ra1 Qg5 32. Red1 Bg4 33. Rdc1 Rf6
34. Qe1 Bh6 35. a3 Raf8 36. Be2 Qxe3+ 37. Kh1 Bxe2 0-1

[Event "Titled Tue 24th Jun Early"]
[Site "chess.com INT"]
[Date "2025.06.24"]
[Round "8"]
[White "Aarav Sinha"]
[Black "Troltenier, Dirk"]
[Result "0-1"]
[WhiteTitle "FM"]
[BlackTitle "FM"]
[WhiteElo "2255"]
[BlackElo "2174"]
[WhiteFideId "25674064"]
[BlackFideId "4606400"]
[EventDate "2025.06.24"]

1. d4 d5 2. Bf4 c5 3. e3 Nc6 4. Nf3 e6 5. c3 Bd6 6. Bg3 Nf6 7. Nbd2 Bxg3 8. hxg3
Qd6 9. Bb5 O-O 10. Bxc6 bxc6 11. Ne5 Nd7 12. Qh5 h6 13. Ndf3 Nf6 14. Qh4 cxd4
15. exd4 Ne4 16. g4 f6 17. Nd3 Ba6 18. Nb4 Bb5 19. a4 a5 20. axb5 axb4 21. O-O
cxb5 22. cxb4 Qxb4 23. Qh2 Rxa1 24. Rxa1 Qxb2 25. Rf1 Ra8 26. Qc7 Ra1 27. Rxa1
Qxa1+ 28. Kh2 Kh7 29. Qd7 Nxf2 30. Qxe6 Qh1+ 31. Kg3 Ne4+ 32. Kf4 Qc1+ 33. Kf5
g6# 0-1

[Event "Titled Tue 24th Jun Early"]
[Site "chess.com INT"]
[Date "2025.06.24"]
[Round "8"]
[White "Ilinca, Felix-Antonio"]
[Black "Ratkovic, Miloje"]
[Result "1-0"]
[WhiteTitle "IM"]
[BlackTitle "GM"]
[WhiteElo "2431"]
[BlackElo "2489"]
[WhiteFideId "54764998"]
[BlackFideId "914517"]
[EventDate "2025.06.24"]

1. d4 d6 2. Nf3 Nf6 3. c4 Nbd7 4. Nc3 e5 5. e4 g6 6. Be2 Bg7 7. O-O O-O 8. Be3
c6 9. h3 Qe7 10. Qc2 exd4 11. Nxd4 Re8 12. f3 d5 13. cxd5 Nxd5 14. Nxd5 cxd5 15.
Nb5 dxe4 16. f4 Rd8 17. Nc7 Rb8 18. Bxa7 b6 19. Bxb8 Nxb8 20. Rad1 Bd4+ 21. Kh1
Bb7 22. Nb5 Nc6 23. Bc4 e3 24. Qe2 Kg7 25. a3 Bf6 26. Bd5 Nd4 27. Nxd4 Rxd5 28.
Nc2 Rh5 29. Kh2 Qe4 30. Nxe3 Bd4 31. Rf3 Bxe3 32. Qxe3 Qc2 33. Qc3+ Qxc3 34.
Rxc3 Rb5 35. b4 Be4 36. g4 h5 37. Rd4 Bb7 38. a4 Rd5 39. Rxd5 Bxd5 40. a5 hxg4
41. hxg4 bxa5 42. bxa5 Kf6 43. Rc5 Ke6 1-0

[Event "Titled Tue 24th Jun Early"]
[Site "chess.com INT"]
[Date "2025.06.24"]
[Round "8"]
[White "Caku, Kler"]
[Black "Golsta, Madara"]
[Result "1-0"]
[WhiteTitle "WFM"]
[WhiteElo "2010"]
[BlackElo "2008"]
[WhiteFideId "4704703"]
[BlackFideId "11607386"]
[EventDate "2025.06.24"]

1. e4 c5 2. Nf3 d6 3. d4 cxd4 4. Nxd4 Nf6 5. Nc3 g6 6. Be2 Bg7 7. Be3 Nc6 8. O-O
O-O 9. Qd2 Ng4 10. Bxg4 Bxg4 11. Nxc6 bxc6 12. Bh6 Bxh6 13. Qxh6 d5 14. exd5
cxd5 15. h3 Bf5 16. Rad1 e6 17. g4 Bxc2 18. Rd2 d4 19. Rc1 d3 20. Rcxc2 dxc2 21.
Rxd8 Rfxd8 22. Qc1 Rd3 23. Qxc2 Rxh3 24. Kg2 Rh4 25. Kg3 g5 26. Ne4 h6 27. f4
Rd8 28. fxg5 hxg5 29. Nxg5 Rh6 30. Ne4 Rg6 31. g5 Rd4 32. Nf6+ Kg7 33. Qc1 Rb4
34. b3 Rb5 35. Ne4 Re5 36. Qb2 f6 37. Kf4 Rf5+ 38. Ke3 Re5 39. gxf6+ Rxf6 40.
Qxe5 1-0

[Event "Titled Tue 24th Jun Early"]
[Site "chess.com INT"]
[Date "2025.06.24"]
[Round "8"]
[White "Zong, Davis"]
[Black "Redor, Menandro"]
[Result "1-0"]
[WhiteTitle "FM"]
[WhiteElo "2242"]
[BlackElo "2021"]
[WhiteFideId "30903955"]
[BlackFideId "5222010"]
[EventDate "2025.06.24"]

1. d4 c6 2. c4 d5 3. Nf3 Nf6 4. g3 e6 5. Bg2 Be7 6. O-O O-O 7. Qc2 Nbd7 8. Nbd2
h6 9. b3 b6 10. Bb2 Bb7 11. e4 dxe4 12. Nxe4 c5 13. Nxf6+ Bxf6 14. Rfd1 cxd4 15.
Bxd4 Qe7 16. Ng5 Bxg5 17. Bxb7 Rad8 18. Bg2 Bf6 19. Rac1 Nc5 20. Bxf6 Qxf6 21.
b4 Nd7 22. c5 bxc5 23. bxc5 Ne5 24. f4 Ng4 25. Qe2 Qg6 26. Be4 Rxd1+ 27. Rxd1
Qh5 28. Rc1 g6 29. Bf3 f5 30. Qxe6+ Kg7 31. Qe2 Re8 32. Bxg4 Rxe2 33. Bxh5 gxh5
34. c6 Re8 35. Kf2 Rc8 36. c7 Kf6 37. Ke3 Ke6 38. Kd4 Kd6 39. Rc2 Ke6 40. Rc6+
Kd7 41. Kd5 h4 42. gxh4 1-0